000
00293nam a22001337a 4500
008
181001b xxu||||| |||| 00| 0 eng d
020
_a
9780078746512
041
_a
eng
080
_a
940
100
_a
16
101
_a
HIS
245
_a
Journey across time
_c
Spievogel,J.J
942
_2
udc
_c
BK
999
_c
48755
_d
48755